000 00697nam a22002057a 4500
999 _c17025
_d17025
003 AR-CdUCM
008 190507b ||||| |||| 00| 0 spa d
040 _aMUNICIPALIDAD PROVINCIAL DEL CUSCO
_cBIBLIOTECA MUNICIPAL DEL CUSCO
082 _a868.4 /
_bAZ98
_24 ed.
100 _aAzorín.
_9580
245 _aAl margen de los clásicos /
260 _aBuenos aires :
_bLosada,
_c1942.
300 _a171 páginas ;
_c19 cm.
440 _aBiblioteca clásica y contemporánea.
_9912
505 _aContenido :Los poetas primitivos -- El romanero -- Góngora -- Quevelo -- José Somoza ...
650 _aSiglo XX.
_98
650 _aLiteratura.
_983
942 _2ddc
_cLIBROS
945 _arum
_d2019-05-07